000 00794nam a22002057a 4500
999 _c17704
_d17704
003 AR-CdUCM
008 190509b ||||| |||| 00| 0 spa d
040 _aMUNICIPALIDAD PROVINCIAL DEL CUSCO
_cBIBLIOTECA MUNICIPAL DEL CUSCO
082 _23ed.
_a196 /
_bO73
100 _aOrtega y Gasset, José
_95772
245 _aKant. Hegel. Dilthey /
260 _aMadrid :
_bRevista de occidente,
_c1965.
300 _a218 páginas ;
_c19 cm.
440 _aColección el arquero ;
_937847
505 _aContenido: Kant: Reflexiones de centenario -- Hegel: La filosofía de la historia de Hegel y la historiología -- Guillermo Dilthey y la idea de la vida...
650 _aFilosofía española
_915053
650 _aHistoria de la filosofía
_97367
942 _2ddc
_cLIBROS
945 _aacv
_d2019-05-09